Princípios e limites da tributação / (Record no. 824)

MARC details
000 -LÍDER
Campo Fixo de Controle 00686nam a2200217 a 4500
001 - NÚMERO DE CONTROLE
Campo de Controle 824
003 - IDENTIFICAÇÃO DO NÚMERO DE CONTROLE
Campo de Controle BR-CuiBMT
005 - DATA E HORA DA ÚLTIMA ATUALIZAÇÃO
Campo de Controle 20231120220643.0
008 - DADOS FIXOS
Dados Fixos 231120s2005 spb 001 0 por d
040 ## - AGÊNCIA CATALOGADORA
Código da Agência Catalogadora BR-CuiBMT
Agência que transcreveu o registro BR-CuiBMT
080 ## - Nº DA CLASSIFICAÇÃO DECIMAL UNIVERSAL
Nº edição CDU 2007
Nº Class. CDU 336.2
090 ## - NÚMERO DE CHAMADA
Nº classificação 336.2
Cutter P957
245 00 - TÍTULO PRINCIPAL
Título principal Princípios e limites da tributação /
Indicação de responsabilidade Roberto Ferraz (coordenador) ; [autores Alcides Jorge Costa ... et al.].
260 ## - PUBLICAÇÃO, DISTRIBUIÇÃO, ETC.
Local de publicação São Paulo :
Editora Quartier Latin,
Data 2005.
300 ## - DESCRIÇÃO FÍSICA
N. páginas ou volumes 800 p. ;
Dimensões 24 cm
500 ## - NOTAS GERAIS
Notas gerais Vários autores.
504 ## - NOTA DE BIBLIOGRAFIA, ETC.
Nota de bibliografia Inclui bibliografia e índice.
650 ## - ASSUNTO TÓPICO
Cabeçalho tópico ou nome geográfico Direito tributário
700 1# - ENTRADA SECUNDÁRIA -- NOME PESSOAL
Nome pessoal Costa, Alcides Jorge
Datas associadas ao nome 1925-2016
Termo de relação et al.
-- autores.
942 ## - ELEMENTOS DE ENTRADA ADICIONAIS (KOHA)
Fonte de classificação ou esquema de arquivamento Classificação Decimal Universal
Tipo de item do Koha Livros
Holdings
Estado: removido Estado: perdido Fonte de classificação ou esquema de arquivamento Estado: danificado Indisponível para empréstimo Localização permanente Localização atual Data de aquisição Total Checkouts Número de Chamada completo Código de barras Date last seen Número do exemplar Preço efetivo a partir de Tipo de item (Koha)
    Classificação Decimal Universal     Biblioteca da Escola Superior de Contas do TCE/MT Biblioteca da Escola Superior de Contas do TCE/MT 20/11/2023   336.2 P957 BIBTCEMT23110760 20/11/2023 Ex. 1 20/11/2023 Livros

Powered by Koha